Statistics for Top 3 NBA 2K18 Players by College: ACC

Click here to take the quiz!

General Stats

  • This quiz has been taken 31 times
  • The average score is 9 of 41

Answer Stats

CollegePlayerRating% Correct
Wake ForestChris Paul91
77%
DukeKyrie Irving90
70%
SyracuseCarmelo Anthony84
60%
Notre DameDemetrius Jackson69
43%
North Carolina StateDennis Smith, Jr.76
43%
Boston CollegeReggie Jackson77
43%
Wake ForestJames Johnson79
37%
North CarolinaMarvin Williams76
37%
MiamiJames Jones69
33%
North CarolinaDanny Green76
30%
LouisvilleDonovan Mitchell75
30%
SyracuseDion Waiters80
27%
VirginiaJoe Harris / Mike Scott72
27%
VirginiaMalcolm Brogdon78
27%
Georgia TechChris Bosh83
23%
Boston CollegeJared Dudley74
20%
North Carolina StateLorenzo Brown67
20%
LouisvilleMontrezl Harrell / Terry Rozier74
20%
PittsburghSteven Adams82
20%
North Carolina StateT.J. Warren78
20%
Georgia TechDerrick Favors78
17%
DukeJabari Parker81
17%
SyracuseJerami Grant73
17%
Notre DameJerian Grant74
17%
North CarolinaHarrison Barnes81
13%
VirginiaJustin Anderson73
13%
Georgia TechThaddeus Young77
13%
ClemsonTrevor Booker76
13%
DukeAustin Rivers80
10%
LouisvilleGorgui Dieng76
10%
Florida StateJonathan Isaac76
10%
Notre DamePat Connaughton70
10%
MiamiShane Larkin71
10%
Wake ForestJeff Teague79
7%
Florida StateMalik Beasley72
7%
Florida StateToney Douglas72
7%
MiamiDavon Reed69
3%
Virginia TechJarell Eddie67
3%
ClemsonK.J. McDaniels69
3%
PittsburghLamar Patterson68
3%
Virginia TechMalcolm Delaney74
3%

Score Distribution

Percentile by Number Answered

Percent of People with Each Score

Your Score History

You have not taken this quiz